000 00564nam a2200205Ia 4500
005 20241129115756.0
008 241129s9999||||xx |||||||||||||| ||und||
020 _a9788119835997
037 _aTB
040 _aSDCL
_beng
_cSDCL
041 _ahin
_2hin
084 _aO152,1M89,1:g R3
_qSDCL
100 _aSingh Sudhir Ranjan
_9401978
245 0 _aKamayani Aur Hindi Alochana
260 _aNew Delhi
_bRajkamal Prakashan India
_c2023
300 _a119p
365 _aINR
_b395
942 _cTB
_hO152,1M89,1:g R3
999 _c1231967
_d1231967